| 000 | 00518cam a2200193ua 4500 | ||
|---|---|---|---|
| 001 | 6331 | ||
| 005 | 20260515114032.0 | ||
| 008 | 131129n ii |||gr||||Z||||||eng | ||
| 040 | _cMAIN | ||
| 082 | _a658.15 | ||
| 245 | 1 | 1 |
_aElements of financial management _cBy Pradeep kumar |
| 250 | _a6th rev. & enlarged ed. | ||
| 260 |
_aMeerut: _bKedar nath ram nath & Co., _c1985. |
||
| 300 | _ax,473p. | ||
| 653 | _aCommerce | ||
| 653 | _aElements of financial management | ||
| 700 | 1 |
_aKumar,Pradeep, _eAuthor., |
|
| 942 | _cBK | ||
| 999 |
_c5478 _d5478 |
||